000 01491nam0a2200373 4500
001 RU\NLR\BIBL_A\012320694
005 20201130155632.0
010 _a978-5-04-110762-8
_93000
021 _aRU
_bКН-П-20-024269
_9КН-П-20-1887
035 _a(NLR Aleph) 012320694
035 _a(RuMoRGB)010330414
090 _a11419921
_c11419921
100 _a20200825d2020 e y0rusy50 ca
101 0 _arus
102 _aRU
105 _aa|||z|||000zy
181 0 _ai
_baxxe
182 0 _an
200 1 _aИстория
_e[теория в таблицах и схемах, тренировочные задания, ответы ко всем заданиям
_eдля старшего школьного возраста]
_fГ. Г. Дедурин
203 _aТекст
_bвизуальный
_cнепосредственный
210 _aМосква
_cЭксмо
_d2020
215 _a252, [1] с.
_cил., табл.
_d24
225 1 _aПолный школьный курс в таблицах и схемах
225 1 _aПодготовка к урокам и ЕГЭ
300 _aНа обл. авт. не указан
333 _a6+
607 _aРоссия
_jСхемы
_xИстория
_91554184
_3RU\NLR\AUTH\66979780
686 1 _aТ3(2)я72
700 1 _aДедурин
_bГ. Г.
_gГеннадий Геннадиевич
942 _cBOOK
980 _aNBR
980 _aNB